Les jours fériés de France - Statistiques

Statistiques générales
  • Ce quiz a été pris 137 fois
  • Le résultat moyen est 9 sur 11
Statistiques - réponses
Jours fériés % Correct
Noël
94%
Armistice 1918
93%
Fête du travail
92%
Nouvel an
91%
Fête Nationale
90%
Lundi de Pâques
90%
Fête de la Victoire 1945
86%
Lundi de Pentecôte
80%
L'ascension
78%
La Toussaint
68%
L'assomption
64%
Aucun quiz correspondant
Distribution des résultats
% des personnes avec chaque résultat
Percentile par nombre de réponses
Votre historique - résultats
Vous n’avez pas pris ce quiz